Statistiques concernant L'alphabet Grec

Cliquez ici pour prendre le quiz!

Statistiques générales

  • Ce quiz a été pris 127 fois
  • Le résultat moyen est 16 sur 24

Statistiques - réponses

Lettres% Correct
Alpha
100%
Bêta
99%
Delta
91%
Gamma
89%
Oméga
87%
Epsilon
80%
Zêta
69%
Pi
68%
Mu
67%
Nu
66%
Rho
66%
Phi
64%
Lambda
62%
Êta
61%
Iota
60%
Omicron
58%
Psi
58%
Thêta
58%
Upsilon
57%
Sigma
54%
Kappa
53%
Tau
51%
Ksi
42%
Khi
37%

Distribution des résultats

Percentile par nombre de réponses

% des personnes avec chaque résultat

Votre développement - résultats

Vous n’avez pas pris ce quiz